| 000 | 00573cab a2200217 4500 | ||
|---|---|---|---|
| 001 | WB3442-16 | ||
| 008 | 090401t1998 xxu||||| |||| 00| 0 eng d | ||
| 035 | _a(Sirsi) u89543 | ||
| 041 | _aeng | ||
| 245 | _aBase cut welcomed | ||
| 260 | _c1998 | ||
| 350 | _a0 | ||
| 490 |
_aRICS Press Release _v(pr129.corp) 5 November 1998, (1) |
||
| 520 | _aThe RICS welcomes the 0.5% reduction in base rates. | ||
| 650 | _aBASE RATES | ||
| 650 | _aINTEREST RATES | ||
| 650 | _aRICS | ||
| 690 | _aPROPERTY-PROPERTY FINANCE AND INVESTMENT | ||
| 942 | _n0 | ||
| 948 | _c06/11/1998 | ||
| 999 |
_c56668 _d56668 |
||